书目信息 |
| 题名: |
现代汉语规范词典
|
|
| 作者: | 李行健 主编 | |
| 分册: | ||
| 出版信息: | 北京 外语教学与研究出版社 2009.09 |
|
| 页数: | 80, 1758, 34页 | |
| 开本: | 22cm | |
| 丛书名: | ||
| 单 册: | ||
| 中图分类: | H164 | |
| 科图分类: | ||
| 主题词: | 汉语--词典--现代 | |
| 电子资源: | ||
| ISBN: | 978-7-5600-3975-6 | |
| 000 | 00791nam0 2200253 450 | |
| 001 | 0131072944 | |
| 005 | 20110716163506.28 | |
| 010 | @a978-7-5600-3975-6@b精装@dCNY69.90 | |
| 100 | @a20050414d2009 km y0chiy0120 ea | |
| 101 | 0 | @achi |
| 102 | @aCN@b110000 | |
| 105 | @ay e 000yy | |
| 106 | @ar | |
| 200 | 1 | @a现代汉语规范词典@Axian dai han yu gui fan ci dian@f主编李行健 |
| 210 | @a北京@c外语教学与研究出版社@c语文出版社@d2009.09 | |
| 215 | @a80, 1758, 34页@d22cm | |
| 300 | @a国家语言文字工作委员会""八五""规划重点项目, 国家""八五""规划重点图书 | |
| 330 | @a本词典是严格按照国家现行语言文字规范编写的中型语文词典。 | |
| 586 | @a | |
| 606 | 0 | @a汉语@x词典@y现代 |
| 690 | @aH164@v5 | |
| 701 | 0 | @a李行健@Ali xing jian@4主编 |
| 801 | 0 | @aCN@c20110610 |
| 905 | @dH164@eL300@f3 | |
| 现代汉语规范词典/主编李行健.-北京:外语教学与研究出版社:语文出版社,2009.09 |
| 80, 1758, 34页;22cm |
| 国家语言文字工作委员会""八五""规划重点项目, 国家""八五""规划重点图书 |
| ISBN 978-7-5600-3975-6(精装):CNY69.90 |
| 本词典是严格按照国家现行语言文字规范编写的中型语文词典。 |
| ● |
| 相关链接 |
|
|
|
正题名:现代汉语规范词典
索取号:H164/L300
 
预约/预借
| 序号 | 登录号 | 条形码 | 馆藏地/架位号 | 状态 | 备注 |
| 1 | 885444 | 208854444 | 语言库209/209语言库 994排1列1层/ [索取号:H164/L300] | 在馆 | |
| 2 | 885445 | 208854453 | 语言库209/209语言库 77排1列2层/ [索取号:H164/L300] | 在馆 | |
| 3 | 885446 | 208854462 | 自科二线504/504自科库 28排1列5层/ [索取号:H164/L300] | 在馆 |